| 000 | 01118nam a2200253 i 4500 | ||
|---|---|---|---|
| 001 | 18735 | ||
| 003 | ES-MaACL | ||
| 005 | 20250728062559.0 | ||
| 007 | t| | ||
| 008 | 020308s1999 sp |||| | spa j | ||
| 020 | _a84-7173-362-5 | ||
| 080 | _a338.1(460.154 S.S.)"18/19" | ||
| 100 | 1 |
_aLarrinaga, Carlos. _970351 |
|
| 245 | 1 | 0 |
_aActividad económica y cambio estructural en San Sebastián durante la Restauración, 1875-1914 / _cCarlos Larrinaga Rodríguez ; prólogo de Fernando García de Cortázar. |
| 260 |
_aDonostia : _bKutxa Fundazioa = San Sebastián : Fundación Kutxa, _c1999. |
||
| 300 |
_a642 p : _bil., gráf. ; _c24 cm. |
||
| 490 | 1 |
_aMonografías ; _vn. 48 (Instituto Dr. Camino de Historia Donostiarra |
|
| 651 | 4 |
_aSan Sebastián- _xSituación económica- _vHistoria. _9167767 |
|
| 700 | 1 |
_aGarcía de Cortázar, Fernando. _954413 |
|
| 710 | 2 |
_aInstituto Dr. Camino de Historia Donostiarra. _95025 |
|
| 830 | 0 | 0 |
_aMonografías (Centro de Estudios Benaventanos "Ledo del Pozo") _vn. 48 (Instituto Dr. Camino de Historia Donostiarra _9177262 |
| 852 |
_aES-MaACL _jL-25312 |
||
| 999 |
_c18735 _d18735 |
||